000 00477cam a2200169 a 4500
020 _a9004106928 (cloth : alk. paper)
041 _aENG
082 0 0 _a297
_bRID
245 0 0 _aIslam : Essays on Scripture, Thought & Society A Festschrift in Honour of Anthony
260 _aleiden ;
_aNew York :
_bBrill,
_c1997.
300 _axliii, 361 p. :
_bill. ;
650 0 _aIslam
700 1 _aRiddell, Peter G.
700 1 _aStreet, Tony.
700 1 _aJohns, Anthony H.
942 _cBK
999 _c23367
_d23367